Movies Quiz

Random Movies or Actress Quiz

Renée Zellweger Movies Quiz Stats

 Plays Quiz Updated Sep 16, 2016

Challenge
Share
Tweet
Embed
Score 0/33 Timer 05:00
0 Plays Today
Year Movie % Correct
2002Chicago
84.4%
2001Bridget Jones's Diary
79.4%
1996Jerry Maguire
77.2%
2003Cold Mountain
69.8%
2016Bridget Jones's Baby
64.2%
2004Bridget Jones: The Edge of Reason
61.1%
2000Me, Myself & Irene
52.8%
2000Nurse Betty
38.7%
2006Miss Potter
34.8%
2003Down with Love
34.6%
2005Cinderella Man
32.2%
1995 Empire Records
27.8%
2004*Shark Tale
25.1%
2009New in Town
25.1%
2008Leatherheads
22.3%
2007*Bee Movie
22%
1998One True Thing
21.3%
Year Movie % Correct
1994Texas Chainsaw Massacre: The Next Generation
20.5%
2002White Oleander
20.3%
2009Case 39
19.6%
1999The Bachelor
18.6%
1994Reality Bites
16.5%
2008Appaloosa
15.7%
2009*Monsters vs Aliens
15.7%
1994Love and a .45
14.4%
2010My Own Love Song
13.5%
2009My One and Only
13.3%
2016The Whole Truth
13.2%
1998A Price Above Rubies
12.8%
19948 Seconds
12.7%
1996 The Whole Wide World
12.1%
1996The Low Life
10%
1997Deceiver
9.8%

You're not logged in!

Compare scores with friends on all Sporcle quizzes.
OR
Log In

You Might Also Like...

Show Comments

Extras

Top Quizzes Today


Score Distribution

Your Account Isn't Verified!

In order to create a playlist on Sporcle, you need to verify the email address you used during registration. Go to your Sporcle Settings to finish the process.

Report this User

Report this user for behavior that violates our Community Guidelines.

Details: